1618 1044 1974 1846 1049 1467 1072 1971 1556 1231 1341 1523 1795 1552 1710 1633 1422 1291 1939 1161 1790 1066 1631 1977 1753 1253 1456 1372 1174 1794 1901 1210 1103 1718 1640 1029 1508 1291 1133 1325 1475 1981 1355 1181 1277 1413 1401 1500 1125 1546 1098 1194 1671 1746 1754 1691 1650 1160 1023 1535 1316 1479 1570 1221 1197 1460 1341 1903 1140 1817 1719 1123 1178 1374 1625 1503 1856 1659 1962 1121 1647 1455 1236 2000 1005 1271 1323 1093 1679 1704 1376 1245 1189 1659 1784 1311 1362 1418 1123 BCNSPRNW ULIB Ver.6.0+V

เปลี่ยนเป็นภาษาไทย

Change to English
 แสดงรายละเอียดบรรณานุกรม
  กลับหน้าหลัก

Brief Record : Get Marc (ISO 2709) : E-mail record : QR code < ปิดหน้าต่าง
LEADER : 00000nam 2200000uu 4500
001    13399126524
003     ULIB
008    181006s2018||||th 000 0 tha d
020    ^a9781496355133
060    ^aWY150^bJ33B
100    ^aJanice L. Hinkle, Kerry H. Cheever
245    ^aBrunner & Suddarth s Textbook of Medical-Surgical Nursing
250    ^a14th ed
260    ^aPhiladelphia :^bWolters Kluwer,^c2018
300    ^a2212 pages;^b30 cm
650    ^aNursing Care
650    ^aMedical-Surgical Nursing
650    ^aPerioperative
945    ^p50000^l0^i26720
999    ^aกัณชพร จุลอักษร
รายการนี้ยังไม่มีแท็ก
คุณยังไม่ได้ล็อกอิน คุณสามารถมีกิจกรรมร่วมกับเว็บไซต์ได้ แต่ต้องล็อกอินก่อน ::
  ล็อกอิน

รายการสื่อสารสนเทศ

ลำดับที่ ประเภท เลขเรียก/บาร์โค้ด สถานที่ สถานะ
1. หนังสือสำรอง
หนังสือสำรอง
WY150 J33B ฉ.1 
  Barcode: 26720
ห้องสมุดวิทยาเขตนครสวรรค์
►หนังสือทั่วไป:l:General Books
บนชั้น

รายการใกล้เคียง
    ชื่อเรื่อง [Brunner & Suddarth s Textbook of Medical-Surgical Nursing]

    ผู้แต่ง [Janice L. Hinkle, Kerry H. Cheever]

    หัวเรื่อง [Nursing Care]
    หัวเรื่อง [Medical-Surgical Nursing]
    หัวเรื่อง [Perioperative]

BibComment


ยังไม่เคยถูกคอมเมนท์

คอมเมนท์ทรัพยากรรายการนี้
  คอมเมนท์: Brunner Suddart..


 Copyright 2026. Bcnsprnw @Library